000 00430nam a2200169Ia 4500
008 210719s2000 xx 000 0 und d
020 _a0 7513 1213 4
041 _aeng
082 _a658 ESSM
100 _aESSENTIAL MANAGERS.
245 _aMarketing effectively. by Moi Ali.
260 _aLondon.
_bDorling Kindersley Book.,
_c2000
300 _a72
_bPB
365 _b221
_cRs
650 _aManagement
906 _aMarketing
999 _c211710
_d211710